01198nam a22002894a 4500001001200000003000800012006001900020007001500039008004100054010001700095020001500112040002100127035002100148050002400169245012100193260007800314300002400392504006400416533015200480650004100632650002800673655002900701700001800730710001700748856012600765999001700891ebr10256851CaPaEBRm u cr cn|||||||||031113s2004 enka sb 001 0 eng  z 2003115339 z0761943544 aCaPaEBRcCaPaEBR a(OCoLC)29743993014aLB3430b.E46 2004eb00aEmotional health and well-beingh[electronic resource] :ba practical guide for schools /cHelen Cowie ... [et al.]. aLondon :bPaul Chapman Pub. ;aThousand Oaks, Calif. :bSAGE Pub.,c2004. axii, 228 p. :bill. aIncludes bibliographical references (p. 214-225) and index. aElectronic reproduction.bPalo Alto, Calif. :cebrary,d2013.nAvailable via World Wide Web.nAccess may be limited to ebrary affiliated libraries. 0aHigh school studentsxMental health. 0aSchool health services. 7aElectronic books.2local1 aCowie, Helen.2 aebrary, Inc.40uhttp://site.ebrary.com/lib/rucke/Doc?id=10256851zAn electronic book accessible through the World Wide Web; click to view c31454d31454